000 00809nam a2200253 a 4500
001 9568
003 CO-ViMGA
008 141112s2004 ck r 000 u spa d
040 _aCO-ViMGA
_bspa
_cCO-ViMGA
082 0 4 _a327.861 V335 V.1
100 1 _aVasquez Carrizosa ; Alfredo,
_910795
245 1 0 _aRelatos de Historia Diplomatica de Colombia
260 _aSantafé de Bogotá :
_bCEJA,
_c1996 Tomo I
300 _a449p.
650 1 4 _aCOLOMBIA - HISTORIA
_910796
650 1 4 _aCONGRESO DE PANAMA 1826
_910797
650 1 4 _aDIPLOMACIA - COLOMBIA
_910798
650 1 4 _aHISTORIA - COLOMBIA
_910799
650 1 4 _aPENSAMIENTO POLITICO
_910800
650 1 4 _aRELACIONES EXTERIORES PANAMA
_910801
650 1 4 _aSIMON BOLIVAR 1783 - 1830
_910802
650 1 4 _aTRATADOS INTERNACIONALES
_910803
942 _2ddc
_cBK
999 _c21048
_d21048